000 00489nam a2200145 a 4500
001 000040099
005 20201002033922.0
008 130807s1974 mx 000 0 spa d
040 _aDO-SdBNP
_bspa
_cBNPHU
100 1 _aSenghaas, Dieter
_966363
245 1 0 _aArmamento & militarismo /
_cDieter Senghaas; traducción Félix Blanco.
260 _aMéxico :
_bSiglo Veintiuno,
_c1974.
300 _a318 p. ;
_c21 cm.
500 _aIncluye referencias bilbiograficas y notas al pie de las páginas
999 _c39589
_d39589